Detalles MARC
| 000 -LIDER |
| fixed length control field |
02459nam a2200301 a 4500 |
| 001 - NÚMERO DE CONTROL |
| Identificador de número de control |
000022381 |
| 003 - IDENTIFICACDOR DE NÚMERO DE CONTROL |
| control field |
DO-SdBNP |
| 005 - DATE AND TIME OF LATEST TRANSACTION |
| control field |
20210824113332.0 |
| 007 - CAMPOS FIJOS DE DESCRIPCIÓN FÍSICA |
| fixed length control field |
000022381 |
| 008 - ELEMENTOS DE LONGITUD FIJA |
| fixed length control field |
101006s2007 dr c 000 0 spa d |
| 020 ## - ISBN |
| International Standard Book Number |
9789945161021 |
| 040 ## - FUENTE DE CATALOGACIÓN |
| Agencia que crea de manera original el registro |
BPMSU |
| Idioma de catalogación |
spa |
| Agencia que realiza la transcripción |
BPMSU |
| 082 ## - NÚMERO DE CLASIFICACIÓN DECIMAL DE DEWEY |
| Classification number |
972.93053 |
| Item number |
P191s |
| 245 04 - MENCIÓN DE TITULO |
| Título |
Los Panfleteros de Santiago y su desafío a Trujillo / |
| Mención de responsabilidad |
selección y prólogo Edgar Valenzuela. |
| 260 ## - PUBLICACIÓN, DISTRIBUCIÓN, ETC. (PIE DE IMPRENTA) |
| Lugar de publicación, distribución, etc |
Santo Domingo : |
| Nombre del editor, distribuidor, etc. |
CPEP, |
| Fecha de publicación, distribución, etc |
2007. |
| 300 ## - DESCRIPCIÓN FÍSICA |
| Extensión |
172 p. : |
| Otros detalles físicos |
il., retrs. ; |
| Dimensiones |
22 cm. |
| 504 ## - NOTA DE BIBLIOGRAFÍA, ETC. |
| Bibliography, etc |
Bibliografía: p. 169-170 |
| 505 0# - NOTA DE CONTENIDO |
| Texto normalizado de contenido |
Presentación -- Introducción -- EN EL INFIERNO DE LA -- El recuerdo de su voz -- Mi encarcelamiento -- El infierno tan temido y los panfleteros de Santiago -- La resistencia interna antes del 14 de junio de 1959 y Los Panfleteros de Santiago --Matanza de 24 jóvenes de Santiago en La 40 inicia etapa legal de la agrupación 14 de Junio -- Los Panfleteros de Santiago -- 1J4 De la apariencia a la esencia y Los Panfleteros de Santiago -- Los Panfleteros de Santiago -- Los Panfleteros -- Las Visitas de la tía muerta -- ORÍGENES DE LA CONSPIRACIÓN -- Santiago a finales de los años 50 -- Wenceslao Guillén (Wen) -- Wen Guillén y Los Panfleteros de Santiago -- Wenceslao Guillén, el Encuentro -- Wenceslao Guillén, Sus Comienzo -- Los Panfleteros de Santiago -- Los Panfleteros de Santiago -- Entrevista a Marcelo Bermúdez -- Por Manuel Bueno y su salud -- Manuel Bueno (1 de 2) -- Manuel Bueno (2 de 2) -- Hasta siempre, Manuel Bueno -- El anonimato de Los Panfleteros -- EN TORNO A LOS PANFLETEROS -- Una calle para Wenceslao Guillén -- Respuesta a una calle para Wenceslao Guillén -- Una calle para Pedro Jaime Tineo Tejada -- Radhamés Gómez Pekín respalda iniciativa -- Un parque para Los Panfleteros de Santiago -- Respuesta a un parque Los Panfleteros de Santiago -- Una tarja para Los Panfleteros de Santiago -- EPÍLOGO -- El analfabeto -- Datos biográficos de los autores -- Bibliografía -- Publicaciones de la Comisión Permanente de Efemérides Patrias 2004-2007. |
| 650 #4 - ENCABEZAMIENTO DE MATERIA--TEMÁTICO |
| Término temático o nombre geográfico como elemento de entrada |
ACTIVIDADES CLANDESTINAS |
| 650 #4 - ENCABEZAMIENTO DE MATERIA--TEMÁTICO |
| Término temático o nombre geográfico como elemento de entrada |
VICTIMAS DE TORTURA |
| 651 #4 - ENCABEZAMIENTO DE MATERIA--NOMBRE GEOGRÁFICO |
| Nombre geográfico |
REPÚBLICA DOMINICANA |
| Subdivisión temática general |
HISTORIA |
| Subdivisión cronológica |
ERA DE TRUJILLO, 1930-1961 |
| 700 12 - ASIENTO SECUNDARIO -- NOMBRE PERSONAL |
| Nombre personal |
Valenzuela, Edgar |
| 710 2# - ASIENTO SECUNDARIO -- NOMBRE CORPORATIVO |
| Nombre corporativo o de jurisdicción |
Comisión Permanente Efemérides Patria |
| 910 ## - VALIDACIÓN |
| Validación |
Validado. Control de validad MFF |
| 942 ## - ADDED ENTRY ELEMENTS (KOHA) |
| Source of classification or shelving scheme |
Dewey Decimal Classification |
| Koha item type |
Libros |
| 945 ## - INFORMACIÓN DE PROCESAMIENTO LOCAL |
| Información de procesamiento local |
Inventariado / 2017 VM |
| 956 ## - LOCAL ELECTRONIC LOCATION AND ACCESS (OCLC) |
| Nombre de host |
VMATEO |
| Número de acceso |
10 |
| Información de compresión |
20150805 |
| Inicio de sesión |
BPMSU |
| Procesador de solicitud |
00151 |